000 00762nam a22002177a 4500
005 20161110113523.0
010 _aENG-116504
020 _a9789350980385
_c1150.00
035 _aEN-100036
037 _bDBAD/PUB
082 _a327.54
245 _aIndia and the contemporary International system :
_cedited by Amitabh Mattoo [and] Happymon Jacob
_btheory, policy and struture /
260 _aNew Delhi
_bManohar Publisher & Distributors
_c2014
270 _a4753/23 Ansari Road,Daryaganj
_bNew Delhi
_e110002
300 _a366p. :
_c22cm (Hb)
_bill
490 _aAustralia India Institute Foreign Policy Series 3
500 _aIncludes index
700 _a Matoo, Amitabh
700 _a Jacob, Happymon
942 _2ddc
_cEN
_h327.54
_mIND
999 _c104560
_d104560